Statistics for Countries of North America

Click here to take the quiz!

General Stats

  • This quiz has been taken 45 times
  • The average score is 21 of 23

Answer Stats

Answer% Correct
Canada
100%
Mexico
100%
United States of America
100%
Cuba
98%
Dominica
98%
Dominican Republic
98%
Antigua And Barbuda
95%
Honduras
95%
Jamaica
95%
Barbados
93%
Trinidad and Tobago
93%
Costa Rica
91%
Panama
91%
Bahamas
89%
Grenada
89%
Guatemala
89%
Haiti
89%
Nicaragua
89%
St. Kitts and Nevis
89%
Belize
86%
St. Lucia
86%
St. Vincent and The Grenadines
86%
El Salvador
84%

Score Distribution

Percentile by Number Answered

Percent of People with Each Score

Your Score History

You have not taken this quiz